| 000 | 01205nam a22003737a 4500 | ||
|---|---|---|---|
| 005 | 20161212100637.0 | ||
| 008 | 150430b xxu||||| |||| 00| 0 spa d | ||
| 041 | _aEspañol | ||
| 082 | _a618.97 C834c | ||
| 100 |
_aCosiansi Bai, Julio Cesar _934897 |
||
| 245 | _aConocimientos fundamentales para el manejo primario del anciano | ||
| 260 |
_aArgentina _bBrujas _c2014 |
||
| 300 | _a190 páginas | ||
| 650 |
_aGERIATRÍA _9227 |
||
| 650 |
_aESTRUCTURAS OSEAS _933115 |
||
| 650 |
_aARTICULACIONES _934898 |
||
| 650 |
_aAPARATO MUSCULAR _934899 |
||
| 650 |
_aENFERMEDADES EN HUESOS _934900 |
||
| 650 |
_aORTOPEDIA _94564 |
||
| 650 |
_aMEDICINA FISIATRICA _934901 |
||
| 650 |
_aREHABILITACIÓN _92407 |
||
| 650 |
_aACTIVIDAD FÍSICA _915429 |
||
| 650 |
_aAPARATO CIRCULATORIO _94242 |
||
| 650 |
_aAPARATO DIGESTIVO _92949 |
||
| 650 |
_aAPARATO RESPIRATORIO _92950 |
||
| 650 |
_aANATOMÍA _912639 |
||
| 650 |
_aSISTEMA NERVIOSO CENTRAL _92613 |
||
| 650 |
_aNUTRICIÓN DEL ANCIANO _934902 |
||
| 650 |
_aENFERMEDADES SENILES _934903 |
||
| 650 |
_aALTERACIONES EN LA DENTADURA _934904 |
||
| 650 |
_aTRASTORNOS DEL SUEÑO _97941 |
||
| 650 |
_aSEXUALIDAD EN LA TERCERA EDAD _934905 |
||
| 942 | _cBK | ||
| 999 |
_c5086 _d5086 |
||